000 00552nam a2200193Ia 4500
003 OSt
005 20220702100031.0
008 210210b2006 xxu||||| |||| 00| 0 eng d
040 _cAL
041 _aeng
082 _a330.0954 BHAE
100 _aBHAT (G N) and LEELA (S R). Ed..
_946641
245 _aEconomics and commerce: ancient concept and modern relevance
260 _aMangalore
_bCentre for Inter Disciplinary Studies and Research in Sanskrit
_c2006
300 _a267
690 _aEconomics
_946642
906 _a061762
942 _2ddc
_cBK
999 _c108282
_d108282